000 00529nam a22002297a 4500
001 1930
003 OSt
005 20260410052804.0
007 Book
008 260410b |||||||| |||| 00| 0 eng d
020 _a978-0316909341
040 _aSanskrit Univeristy
_bHindi
_cYourLibrary
050 _a320
082 _21
_a220
100 _aLaxmikanth, M.
245 _aIndian Polity
250 _a6th ed.
260 _bMcGraw Hill, 2023
300 _a500 p. ; 24 cm
650 _2Political Science
942 _2ddc
_cBOOK
_n0
999 _c1930
_d1930